| 000 | 02934nam a22003377a 4500 | ||
|---|---|---|---|
| 001 | PPSZ 0260 | ||
| 003 | gtcocun | ||
| 005 | 20251006180518.0 | ||
| 006 | a||||gr|||| 00| 0 | ||
| 007 | ta | ||
| 008 | 251006b2025 gt ||||| m||| 00| 0 eng d | ||
| 040 |
_agtcocun _bSPA _cgtcocun _eRDA |
||
| 041 | _aSPA PPSZ 0260 | ||
| 084 | _0PPSZ 0260 | ||
| 100 |
_aDubón Cruz, Keithleen Stella _eAutor |
||
| 245 |
_aINFORME FINAL DE LA PRÁCTICA PROFESIONAL SUPERVISADA, REALIZADA EN FINCA LA ESPERANZA, UBICADA EN EL CASERÍO PAMBILOZ, DEL MUNICIPIO DE TACTIC, ALTA VERAPAZ/ _cKeithleen Stella Dubón Cruz. _hImpreso |
||
| 264 |
_aCobán, Alta Verapaz: _bUniversidad de San Carlos de Guatemala, Centro Universitario del Norte, Carrera de Técnico en Producción Pecuaria _c2025 |
||
| 300 |
_a53 p.: _bIlustraciones, gráficas. _c28 cm; |
||
| 300 | _cPDF | ||
| 336 |
_2rdacontenido _aTexto _btxt |
||
| 337 |
_2rdamedio _aComputadora _bn |
||
| 338 |
_2rdasoporte _aCódigo en línea _bcr |
||
| 502 | _ePPSZ 0260 | ||
| 502 |
_aPráctica Profesional Supervisada _bCarrera de Técnico en Producción Pecuaria, _cUniversidad de San Carlos de Guatemala, Centro Universitario del Norte, Carrera de Técnico en Producción Pecuaria _d2025 _oPPSZ 0260 |
||
| 520 | 1 | 4 | _aLa Práctica Profesional Supervisada, se llevó a cabo en Finca La Esperanza, ubicada en el caserío Pambiloz, del municipio de Tactic, Alta Verapaz, que consistió en una fase de trabajo de campo en la que se realizaron actividades para contribuir al mejoramiento de la unidad productiva. En la primera fase se realizó un diagnóstico que consistió en detectar la problemática de carácter técnico que afectaba el área del hato, se jerarquizaron los problemas encontrados para darle una solución, de esta manera se llevó un plan de actividades para ayudar a la unidad productiva a contribuir el funcionamiento. En la segunda fase se realizaron actividades destinadas a favorecer el desarrollo de la unidad productiva. La tercera fase consistió en un análisis y discusión de resultados de las actividades realizadas en la segunda. Se realizó una investigación que se realizó con el fin de, determinar el costo de producción de 1 Litro de leche en la Finca La Esperanza. Se recopilaron datos de los gastos variables y gastos fijos que se utilizan en el proceso de manejo y manutención de los animales en producción. Se obtuvo como resultado, que el costo de producción de 1 Litro de leche en Finca La Esperanza es de Q4.01. |
| 650 | 1 | 4 |
_2LEMB _aTactic, Alta Verapaz _xZootecnia _xDiagnóstico _xCostos de producción _xInvestigación _xCostos fijos _xCostos variables _xProducción |
| 700 |
_aLicda. Dulce Aurora Cac Chocooj _eAsesor |
||
| 856 |
_uhttps://drive.google.com/file/d/1dVDnOYS6nBWHFnU8L9Zn-bkTHLAqPp-q/view _yPDF _zUn ejemplar en línea. |
||
| 942 |
_2ddc _cTES _iPPSZ 0260 _kClasificación _n0 _6PPSZ_0260_000000000000000 |
||
| 999 |
_c2241 _d2241 |
||